000 00463nam a2200193Ia 4500
003 OSt
005 20260307103111.0
008 250729s1982 xx 000 0 und d
020 _a978-0813208978
040 _cAL
041 _aeng
082 _a100 RALF
100 _aRalph Melneray
_9229967
245 _aEthica thomistica
260 _aWashington DC
_bThe catholic University
_c1982
300 _a129p
650 _aReligion
_9229968
942 _2ddc
_cBED
999 _c238546
_d238546